Segunda Bienal Iberoamericana de Lima/ (Record no. 2780)

MARC details
000 -LEADER
campo de control de longitud fija 00826nam a22002537a 4500
003 - IDENTIFICADOR DE NÚMERO DE CONTROL
campo de control OSt
005 - FECHA Y HORA DE LA ÚLTIMA TRANSACCIÓN
campo de control 20230113134513.0
008 - DATOS DE LONGITUD FIJA--INFORMACIÓN GENERAL
campo de control de longitud fija 221007b |||||||| |||| 00| 0 eng d
020 ## - NÚMERO INTERNACIONAL ESTÁNDAR DEL LIBRO
Número Internacional Estándar del Libro 9972 761 01 X
040 ## - FUENTE DE CATALOGACIÓN
Centro/agencia transcriptor Biblioteca Lado V
082 ## - NÚMERO DE LA CLASIFICACIÓN DECIMAL DEWEY
Número de clasificación 700.74
Número de ítem P426b
100 ## - ENTRADA PRINCIPAL--NOMBRE DE PERSONA
9 (RLIN) 530
Nombre de persona Peralta, Juan
Término indicativo de función/relación curador
245 ## - MENCIÓN DEL TÍTULO
Título Segunda Bienal Iberoamericana de Lima/
260 ## - PUBLICACIÓN, DISTRIBUCIÓN, ETC.
Lugar de publicación, distribución, etc. Lima, Peru
Nombre del editor, distribuidor, etc. Quebecor WorldPeru
Fecha de publicación, distribución, etc. 1999
300 ## - DESCRIPCIÓN FÍSICA
Extensión 191p.
Dimensiones 28x31cm
650 ## - PUNTO DE ACCESO ADICIONAL DE MATERIA--TÉRMINO DE MATERIA
Fuente del encabezamiento o término Tesauro de Arte & Arquitectura
Término de materia o nombre geográfico como elemento de entrada BIENAL
650 ## - PUNTO DE ACCESO ADICIONAL DE MATERIA--TÉRMINO DE MATERIA
Fuente del encabezamiento o término Tesauro de Arte & Arquitectura
Término de materia o nombre geográfico como elemento de entrada ARTE
650 ## - PUNTO DE ACCESO ADICIONAL DE MATERIA--TÉRMINO DE MATERIA
Fuente del encabezamiento o término Tesauro de Arte & Arquitectura
Término de materia o nombre geográfico como elemento de entrada EXHIBICION
700 ## - ENTRADA AGREGADA--NOMBRE PERSONAL
Nombre de persona Toledo, Sol
Término indicativo de función/relación curadora
700 ## - ENTRADA AGREGADA--NOMBRE PERSONAL
Nombre de persona Gonzales, Fara
Término indicativo de función/relación curadora
700 ## - ENTRADA AGREGADA--NOMBRE PERSONAL
Nombre de persona Wagner de Reyna, Vanessa
Término indicativo de función/relación curadora
711 ## - ENTRADA AGREGADA--NOMBRE DE REUNIÓN
Nombre de congreso/reunión o jurisdicción como elemento de entrada Manifesta
Término indicativo de función/relación autor
942 ## - ELEMENTOS DE ENTRADA SECUNDARIOS (KOHA)
Fuente del sistema de clasificación o colocación Clasificación Decimal Dewey
Tipo de ítem Koha Libros
Parte de la signatura que corresponde a la clasificación (Parte de la clasificación) 700.74
Parte de la signatura que identifica el ejemplar (Parte del ítem) P426b
Suprimir en OPAC No
Holdings
Estatus retirado Estado de pérdida Fuente del sistema de clasificación o colocación Estado de daño No para préstamo Biblioteca de origen Biblioteca actual Fecha de adquisición Número de inventario Total de préstamos Signatura topográfica completa Código de barras Visto por última vez Precio de reemplazo Tipo de ítem Koha
    Clasificación Decimal Dewey     Biblioteca LadoV Biblioteca LadoV 13/01/2023 001885   700.74 P426b 001885 13/01/2023 13/01/2023 Libros